000 00614nam a2200217Ia 4500
008 240729s9999 xx 000 0 und d
022 _a1742-4933
245 0 _aImmunity & Ageing
260 _aUnited Kingdom
260 _bBMC
650 _a Geriatrics
650 _a Immunologic diseases. Allergy | Medicine
650 _a Internal medicine
650 _a Internal medicine
650 _a Special situations and conditions
650 _a Specialties of internal medicine
650 _aMedicine
856 _uhttps://doaj.org/toc/0726e40dd1e44fd7a9f300230f81065f
942 _2ddc
942 _cDOAJEJ
999 _c74399
_d74399
945 _a1
_bMadushi Gamage
_c1
_dMadushi Gamage